000 00580cam a22002053a 4500
001 34015
003 PGUSA
005 20140828083732.0
008 101001s2010||||xxu|||||s|||||000 | eng d
040 _aPGUSA
_beng
042 _adc
100 1 _aPage, Thomas Nelson,
_d1853-1922
245 1 4 _aThe Coast of Bohemia
_h[electronic resource] /
_cThomas Nelson Page
260 _bProject Gutenberg,
_c2010
506 _aPublic domain in the USA.
516 _aElectronic text
830 0 _aProject Gutenberg
_v34015
856 4 0 _uhttp://www.gutenberg.org/ebooks/34015
942 _cEB
999 _c263270
_d263270